00970nam a22002417a 45000010005000000030006000050050017000110080041000280400029000690500008000980820010001061000022001162450065001382600043002033000046002465050007002925200321002995210027006205210018006476500020006656500019006857000024007049001FISKH20251113133551.0251113b cb ||||| |||| 00| 0 eng d aFISKHbengcFISKHdFISKH aPZ7 a597.8 aClay, PateAuthor aFrogs and toads :bNature in close-up /cPat and Helen Clay  aLondon :bAdam & Charles Black ,c1981 a25 pages : bcolor illustrations ;c22 cm aG  aFrog and Toads explains the lives of these two fascinating amphibians. Readers learn about their bodies, life cycles, and habitats, and discover how frogs and toads are alike—and how they differ. With easy text and colorful illustrations, this nonfiction book helps young readers explore nature in an engaging way.8 a400 bLexile estimate 8 aG bRaz-Plus  aNature vAnimal aFrogs vToads  aClay, HeleneAuthor